Управление факультетом: учебник

Chi tiết về thư mục
Tác giả khác: Резник С. Д. (редактор)
Tóm tắt:Деятельности деканского корпуса посвящен первый в России учебник по факультетскому менеджменту. Главы книги объединены в пять модулей: факультет и его руководитель в системе управления вузом, технологии управления факультетом, управление экономической и правовой деятельностью, управление инновационными образовательными программами, контроль и оценка деятельности факультета. Учебник предназначен деканам и их заместителям, методическим работникам деканатов, резерву на выдвижение, но также будет полезен всему управленческому персоналу высших учебных заведений.
Ngôn ngữ:Tiếng Nga
Được phát hành: Москва, Инфра-М, 2008
Những chủ đề:
Định dạng: Sách
KOHA link:https://koha.lib.tpu.ru/cgi-bin/koha/opac-detail.pl?biblionumber=147593

MARC

LEADER 00000nam0a2200000 4500
001 147593
005 20231101221314.0
010 |a 9785160032849 
035 |a (RuTPU)RU\TPU\book\159980 
090 |a 147593 
100 |a 20081117d2008 m y0rusy50 ca 
101 0 |a rus 
102 |a RU 
105 |a y j 001zy 
200 1 |a Управление факультетом  |e учебник  |f под ред. С. Д. Резника 
210 |a Москва  |c Инфра-М  |d 2008 
215 |a 696 с. 
318 |5 63413507  |a Качество образования и система его обеспечения в высшем учебном заведении  |b выставка 
320 |a Библиогр.: с. 668-684. 
330 |a Деятельности деканского корпуса посвящен первый в России учебник по факультетскому менеджменту. Главы книги объединены в пять модулей: факультет и его руководитель в системе управления вузом, технологии управления факультетом, управление экономической и правовой деятельностью, управление инновационными образовательными программами, контроль и оценка деятельности факультета. Учебник предназначен деканам и их заместителям, методическим работникам деканатов, резерву на выдвижение, но также будет полезен всему управленческому персоналу высших учебных заведений. 
606 1 |a Факультеты высших учебных заведений  |x Управление  |2 stltpush  |3 (RuTPU)RU\TPU\subj\67714  |9 83406 
610 1 |a вузы 
610 1 |a факультеты 
610 1 |a миссия 
610 1 |a деканы 
610 1 |a кафедры 
610 1 |a студенты 
610 1 |a органы управления 
610 1 |a родительский совет 
610 1 |a планирование 
610 1 |a делопроизводство 
610 1 |a социальная работа 
610 1 |a воспитательная работа 
610 1 |a довузовская работа 
610 1 |a управленческий персонал 
610 1 |a финансы 
610 1 |a оплата труда 
610 1 |a материально-техническая база 
610 1 |a правовые технологии 
610 1 |a информационные технологии 
610 1 |a практическая подготовка 
610 1 |a образовательные технологии 
610 1 |a конкурентоспособная личность 
610 1 |a качество 
610 1 |a аккредитация 
610 1 |a аттестация 
610 1 |a лицензирование 
610 1 |a рейтинговая оценка 
610 1 |a самоконтроль 
686 |a Ч481.4я73  |v LBC/SL-A  |2 rubbk 
702 1 |a Резник  |b С. Д.  |4 340 
801 1 |a RU  |b 63413507  |c 20081117  |g PSBO 
801 2 |a RU  |b 63413507  |c 20130702  |g PSBO 
942 |c BK 
959 |a 111/20081114  |d 2  |e 429,90  |f АНЛ:1  |f ЧЗГЛ:1